000 00385 a2200157 4500
001 176582
020 _a
040 _cMagnum
100 _aRios, Rosana
240 1 0 _aOs nomes com a historia: paca, tatu, cutia ? nao !
_lpor
245 1 0 _aOs nomes com a historia: paca, tatu, cutia ? nao !
362 0 _a1899
440 1 _aScipione
697 _aMAGNITO: IJ/TEATRO
942 _cBK
999 _c176582
_d176582